000 00339nam a2200157Ia 4500
003 OSt
005 20231107071123.0
008 170524s9999 xx 000 0 und d
020 _a0471402400
040 _cIIMT
100 _aToole
245 0 _aEvents corporate event
260 _bJohn Wiley & Sons
260 _c2002
942 _2ddc
_c02
999 _c7009
_d7009